Languages in Turkey, Iraq, Syria and Iran - Statistics

General Stats
  • This quiz has been taken 66 times
  • The average score is 4 of 21
Answer Stats
Picture Answer % Correct
Turkish
98%
Persian
70%
Azerbaijani
60%
Farsi
37%
Iraqi Arabic
25%
Syrian Arabic
23%
Balochi
18%
Zaza
12%
Sorani
10%
Kurmanji
7%
Standard Arabic
5%
Central Kurdish
3%
Standard Azerbaijani
3%
Standard Kurdish
3%
Eastern Kurdish
2%
Gabri
2%
Northern Kurdish
2%
Southern Azerbaijani
2%
Southwestern Azerbaijani
2%
Standard Farsi
2%
Western Kurdish
2%
No matching quizzes found
Score Distribution
Percent of People with Each Score
Percentile by Number Answered
Your Score History
You have not taken this quiz